000 00476cam a22001097a 4500
008 180718b1944 xxu||||| |||| 00| 0 eng d
082 _aP45x42 Un3p
245 _aThe Public Schools and the General Educational System: Report of the Committee on Public Schools Appointed by the President of the Board of Education
_cby Board of Education, United Kingdom
260 _aLondon
_bHer Majesty's Stationery Office
_c1944
300 _a132p
700 _aUnited Kingdom. Board of Education
999 _c415345
_d415345